BARDZO CIĘŻKI PRZEDMIOT ZNAJDUJĄCY SIĘ W MIESZKANIU - Statystyki

Ogólne statystyki
  • Ten quiz został rozwiązany 57 razy
  • Średni wynik to 5 z 8
Statystyki odpowiedzi
Odpowiedź % Poprawnych
ŁÓŻKO
84%
LODÓWKA
82%
PRALKA
80%
WANNA
71%
TELEWIZOR
67%
PIEKARNIK
47%
MEBLE
29%
PIEC
24%
Nie znaleziono quizów pasujących do podanych kryteriów
Rozkład punktacji
Procent ludzi z każdym wynikiem
Percentyl według liczby udzielonych odpowiedzi
Twoja historia wyników
Nie rozwiązałeś tego quizu